书目信息 |
| 题名: |
近代以来中国风景油画发展研究
|
|
| 作者: | 汪顺锋 著 | |
| 分册: | ||
| 出版信息: | 长春 吉林大学出版社 2020.6 |
|
| 页数: | 208页 | |
| 开本: | 24cm | |
| 丛书名: | ||
| 单 册: | ||
| 中图分类: | J213.052 | |
| 科图分类: | ||
| 主题词: | 油画--风景画--绘画研究--中国--近代 | |
| 电子资源: | ||
| ISBN: | 978-7-5692-6592-7 | |
| 000 | 00922nam0 2200229 45 | |
| 001 | 012001001657 | |
| 005 | 20141011084947.0 | |
| 010 | @a978-7-5692-6592-7@dCNY59.80 | |
| 100 | @a20200816d2020 em y0chiy50 ea | |
| 101 | 0 | @achi |
| 102 | @aCN@b220000 | |
| 105 | @aa z 000yy | |
| 106 | @ar | |
| 200 | 1 | @a近代以来中国风景油画发展研究@Ajin dai yi lai zhong guo feng jing you hua fa zhan yan jiu@b专著@f汪顺锋著 |
| 210 | @a长春@c吉林大学出版社@d2020.6 | |
| 215 | @a208页@c图,照片@d24cm | |
| 330 | @a本书共七章,主要内容包括:明清时期的风景油画、中华人民共和国成立后到改革开放以前的中国风景油画、新时期中国风景油画的繁荣、中国风景油画民族化的百年探索、中国当代风景油画的多元风格变迁、中国风景油画在当代艺术冲击下的发展等。 | |
| 606 | 0 | @a油画@x风景画@x绘画研究@y中国@z近代 |
| 690 | @aJ213.052@v5 | |
| 701 | 0 | @a汪顺锋@Awang shun feng@4著 |
| 801 | 2 | @aCN@b江苏凤凰@c20211018 |
| 905 | @b1345207-10@dJ213.052@e1427@f4 | |
| 近代以来中国风景油画发展研究/汪顺锋著.-长春:吉林大学出版社,2020.6 |
| 208页:图,照片;24cm |
| ISBN 978-7-5692-6592-7:CNY59.80 |
| 本书共七章,主要内容包括:明清时期的风景油画、中华人民共和国成立后到改革开放以前的中国风景油画、新时期中国风景油画的繁荣、中国风景油画民族化的百年探索、中国当代风景油画的多元风格变迁、中国风景油画在当代艺术冲击下的发展等。 |
| ● |
| 相关链接 |
|
|
|
|
正题名:近代以来中国风景油画发展研究
索取号:J213.052/1427
 
预约/预借
| 序号 | 登录号 | 条形码 | 馆藏地/架位号 | 状态 | 备注 |
| 1 | 1345207 | 213452075 | 第一样本阅览室/ [索取号:J213.052/1427] | 在馆 | |
| 2 | 1345208 | 213452084 | 第一借阅区/ [索取号:J213.052/1427] | 在馆 | |
| 3 | 1345209 | 213452093 | 第一借阅区/ [索取号:J213.052/1427] | 在馆 | |
| 4 | 1345210 | 213452100 | 第一借阅区/ [索取号:J213.052/1427] | 在馆 |